Malajzia a jej postavenie vo svetovom hospodárstve bakalárska práca

Guardado en:
Detalles Bibliográficos
Autor principal: Žitňanská, Andrea
Autor Corporativo: Obchodná fakulta EU. Katedra medzinárodného obchodu
Otros Autores: Lacek, Dušan
Formato: Libro
Lenguaje:eslovaco
Publicado: Bratislava 2009
Etiquetas: Agregar Etiqueta
Sin Etiquetas, Sea el primero en etiquetar este registro!

MARC

LEADER 00000nam$a2200000$$$4500
001 0104342
005 20240318133711.9
041 0 |a slo 
044 |a SK 
245 1 0 |a Malajzia a jej postavenie vo svetovom hospodárstve  |b bakalárska práca  |c Andrea Žitňanská ; škol. Dušan Lacek 
264 1 |a Bratislava  |c 2009 
300 |a 55 s. 
100 1 |a Žitňanská, Andrea 
700 1 |a Lacek, Dušan 
710 2 |a Obchodná fakulta EU. Katedra medzinárodného obchodu